<?xml version="1.0" encoding="UTF-8"?>
<record
    xmlns:xsi="http://www.w3.org/2001/XMLSchema-instance"
    xsi:schemaLocation="http://www.loc.gov/MARC21/slim http://www.loc.gov/standards/marcxml/schema/MARC21slim.xsd"
    xmlns="http://www.loc.gov/MARC21/slim">

  <leader>00658nam a22001577a 4500</leader>
  <controlfield tag="003">OSt</controlfield>
  <controlfield tag="005">20151211092733.0</controlfield>
  <controlfield tag="008">151211b        xxu||||| |||| 00| 0 eng d</controlfield>
  <datafield tag="040" ind1=" " ind2=" ">
    <subfield code="c">RUA </subfield>
  </datafield>
  <datafield tag="082" ind1=" " ind2=" ">
    <subfield code="a">ATM TAN 2004 B202 Or.1</subfield>
  </datafield>
  <datafield tag="100" ind1=" " ind2=" ">
    <subfield code="9">4669</subfield>
    <subfield code="a">TANG SAYKEATH; &#x178F;&#x17C6;&#x17B6;&#x1784; &#x179F;&#x17B6;&#x1799;&#x1782;&#x17C0;&#x178F;</subfield>
  </datafield>
  <datafield tag="245" ind1=" " ind2=" ">
    <subfield code="a">Rural livelihood in takream commune, banan district, battambang province, &#x1787;&#x17B8;&#x179C;&#x1797;&#x17B6;&#x1796;&#x1780;&#x17D2;&#x179A;&#x17BD;&#x179F;&#x17B6;&#x179A;&#x1780;&#x179F;&#x17B7;&#x1780;&#x179A;&#x1787;&#x1793;&#x1794;&#x1791; &#x1780;&#x17D2;&#x1793;&#x17BB;&#x1784;&#x1783;&#x17BB;&#x17C6;&#x178F;&#x17B6;&#x1782;&#x17D2;&#x179A;&#x17B6;&#x1798; &#x179F;&#x17D2;&#x179A;&#x17BB;&#x1780;&#x1794;&#x17B6;&#x178E;&#x1793;&#x17CB; &#x1781;&#x17C1;&#x178F;&#x17D2;&#x178F;&#x1794;&#x17B6;&#x178F;&#x17CB;&#x178A;&#x17C6;&#x1794;&#x1784;.</subfield>
  </datafield>
  <datafield tag="260" ind1=" " ind2=" ">
    <subfield code="a">Phnom Penh </subfield>
    <subfield code="b">RUA </subfield>
    <subfield code="c">2004</subfield>
  </datafield>
  <datafield tag="300" ind1=" " ind2=" ">
    <subfield code="a">ix; 52p.</subfield>
    <subfield code="b">ill.</subfield>
    <subfield code="c">29cm.</subfield>
  </datafield>
  <datafield tag="942" ind1=" " ind2=" ">
    <subfield code="2">ddc</subfield>
    <subfield code="c">ATM</subfield>
  </datafield>
  <datafield tag="999" ind1=" " ind2=" ">
    <subfield code="c">4350</subfield>
    <subfield code="d">4350</subfield>
  </datafield>
  <datafield tag="952" ind1=" " ind2=" ">
    <subfield code="0">0</subfield>
    <subfield code="1">0</subfield>
    <subfield code="2">ddc</subfield>
    <subfield code="4">0</subfield>
    <subfield code="6">ATM_TAN_2004_000000000000000_B202_OR_1</subfield>
    <subfield code="7">0</subfield>
    <subfield code="9">22206</subfield>
    <subfield code="a">LBB</subfield>
    <subfield code="b">LBB</subfield>
    <subfield code="c">B202</subfield>
    <subfield code="d">2015-12-11</subfield>
    <subfield code="o">ATM TAN 2004 B202 Or.1</subfield>
    <subfield code="p">RUA038217</subfield>
    <subfield code="r">2015-12-11</subfield>
    <subfield code="w">2015-12-11</subfield>
    <subfield code="y">ATM</subfield>
  </datafield>
  <datafield tag="952" ind1=" " ind2=" ">
    <subfield code="0">0</subfield>
    <subfield code="1">0</subfield>
    <subfield code="2">ddc</subfield>
    <subfield code="4">0</subfield>
    <subfield code="6">ATM_TAN_2004_000000000000000_B202_OR_2</subfield>
    <subfield code="7">0</subfield>
    <subfield code="9">22207</subfield>
    <subfield code="a">LBB</subfield>
    <subfield code="b">LBB</subfield>
    <subfield code="c">B202</subfield>
    <subfield code="d">2015-12-11</subfield>
    <subfield code="o">ATM TAN 2004 B202 Or.2</subfield>
    <subfield code="p">RUA038450</subfield>
    <subfield code="r">2015-12-11</subfield>
    <subfield code="w">2015-12-11</subfield>
    <subfield code="y">ATM</subfield>
  </datafield>
  <datafield tag="952" ind1=" " ind2=" ">
    <subfield code="0">0</subfield>
    <subfield code="1">0</subfield>
    <subfield code="2">ddc</subfield>
    <subfield code="4">0</subfield>
    <subfield code="6">ATM_TAN_2004_000000000000000_B202_OR_3</subfield>
    <subfield code="7">0</subfield>
    <subfield code="9">22208</subfield>
    <subfield code="a">LBB</subfield>
    <subfield code="b">LBB</subfield>
    <subfield code="c">B202</subfield>
    <subfield code="d">2015-12-11</subfield>
    <subfield code="o">ATM TAN 2004 B202 Or.3</subfield>
    <subfield code="p">RUA038449</subfield>
    <subfield code="r">2015-12-11</subfield>
    <subfield code="w">2015-12-11</subfield>
    <subfield code="y">ATM</subfield>
  </datafield>
  <datafield tag="952" ind1=" " ind2=" ">
    <subfield code="0">0</subfield>
    <subfield code="1">0</subfield>
    <subfield code="2">ddc</subfield>
    <subfield code="4">0</subfield>
    <subfield code="6">ATM_TAN_2004_000000000000000_B202_OR_4</subfield>
    <subfield code="7">0</subfield>
    <subfield code="9">22209</subfield>
    <subfield code="a">LBB</subfield>
    <subfield code="b">LBB</subfield>
    <subfield code="c">B202</subfield>
    <subfield code="d">2015-12-11</subfield>
    <subfield code="o">ATM TAN 2004 B202 Or.4</subfield>
    <subfield code="p">RUA038505</subfield>
    <subfield code="r">2015-12-11</subfield>
    <subfield code="w">2015-12-11</subfield>
    <subfield code="y">ATM</subfield>
  </datafield>
  <datafield tag="952" ind1=" " ind2=" ">
    <subfield code="0">0</subfield>
    <subfield code="1">0</subfield>
    <subfield code="2">ddc</subfield>
    <subfield code="4">0</subfield>
    <subfield code="6">ATM_TAN_2004_000000000000000_B202_OR_5</subfield>
    <subfield code="7">0</subfield>
    <subfield code="9">22210</subfield>
    <subfield code="a">LBB</subfield>
    <subfield code="b">LBB</subfield>
    <subfield code="c">B202</subfield>
    <subfield code="d">2015-12-11</subfield>
    <subfield code="o">ATM TAN 2004 B202 Or.5</subfield>
    <subfield code="p">RUA038510</subfield>
    <subfield code="r">2015-12-11</subfield>
    <subfield code="w">2015-12-11</subfield>
    <subfield code="y">ATM</subfield>
  </datafield>
  <datafield tag="952" ind1=" " ind2=" ">
    <subfield code="0">0</subfield>
    <subfield code="1">0</subfield>
    <subfield code="2">ddc</subfield>
    <subfield code="4">0</subfield>
    <subfield code="6">ATM_TAN_2004_000000000000000_B202_OR_6</subfield>
    <subfield code="7">0</subfield>
    <subfield code="9">22211</subfield>
    <subfield code="a">LBB</subfield>
    <subfield code="b">LBB</subfield>
    <subfield code="c">B202</subfield>
    <subfield code="d">2015-12-11</subfield>
    <subfield code="o">ATM TAN 2004 B202 Or.6</subfield>
    <subfield code="p">RUA038509</subfield>
    <subfield code="r">2015-12-11</subfield>
    <subfield code="w">2015-12-11</subfield>
    <subfield code="y">ATM</subfield>
  </datafield>
  <datafield tag="952" ind1=" " ind2=" ">
    <subfield code="0">0</subfield>
    <subfield code="1">0</subfield>
    <subfield code="2">ddc</subfield>
    <subfield code="4">0</subfield>
    <subfield code="6">ATM_TAN_2004_000000000000000_B202_OR_7</subfield>
    <subfield code="7">0</subfield>
    <subfield code="9">22212</subfield>
    <subfield code="a">LBB</subfield>
    <subfield code="b">LBB</subfield>
    <subfield code="c">B202</subfield>
    <subfield code="d">2015-12-11</subfield>
    <subfield code="o">ATM TAN 2004 B202 Or.7</subfield>
    <subfield code="p">RUA033921</subfield>
    <subfield code="r">2015-12-11</subfield>
    <subfield code="w">2015-12-11</subfield>
    <subfield code="y">ATM</subfield>
  </datafield>
  <datafield tag="952" ind1=" " ind2=" ">
    <subfield code="0">0</subfield>
    <subfield code="1">0</subfield>
    <subfield code="2">ddc</subfield>
    <subfield code="4">0</subfield>
    <subfield code="6">ATM_TAN_2004_000000000000000_B202_OR_8</subfield>
    <subfield code="7">0</subfield>
    <subfield code="9">22213</subfield>
    <subfield code="a">LBB</subfield>
    <subfield code="b">LBB</subfield>
    <subfield code="c">B202</subfield>
    <subfield code="d">2015-12-11</subfield>
    <subfield code="o">ATM TAN 2004 B202 Or.8</subfield>
    <subfield code="p">RUA033724</subfield>
    <subfield code="r">2015-12-11</subfield>
    <subfield code="w">2015-12-11</subfield>
    <subfield code="y">ATM</subfield>
  </datafield>
  <datafield tag="952" ind1=" " ind2=" ">
    <subfield code="0">0</subfield>
    <subfield code="1">0</subfield>
    <subfield code="2">ddc</subfield>
    <subfield code="4">0</subfield>
    <subfield code="6">ATM_TAN_2004_000000000000000_B202_OR_9</subfield>
    <subfield code="7">0</subfield>
    <subfield code="9">22214</subfield>
    <subfield code="a">LBB</subfield>
    <subfield code="b">LBB</subfield>
    <subfield code="c">B202</subfield>
    <subfield code="d">2015-12-11</subfield>
    <subfield code="o">ATM TAN 2004 B202 Or.9</subfield>
    <subfield code="p">RUA033650</subfield>
    <subfield code="r">2015-12-11</subfield>
    <subfield code="w">2015-12-11</subfield>
    <subfield code="y">ATM</subfield>
  </datafield>
  <datafield tag="952" ind1=" " ind2=" ">
    <subfield code="0">0</subfield>
    <subfield code="1">0</subfield>
    <subfield code="2">ddc</subfield>
    <subfield code="4">0</subfield>
    <subfield code="6">ATM_TAN_2004_000000000000000_B202_OR_10</subfield>
    <subfield code="7">0</subfield>
    <subfield code="9">22215</subfield>
    <subfield code="a">LBB</subfield>
    <subfield code="b">LBB</subfield>
    <subfield code="c">B202</subfield>
    <subfield code="d">2015-12-11</subfield>
    <subfield code="o">ATM TAN 2004 B202 Or.10</subfield>
    <subfield code="p">RUA033933</subfield>
    <subfield code="r">2015-12-11</subfield>
    <subfield code="w">2015-12-11</subfield>
    <subfield code="y">ATM</subfield>
  </datafield>
  <datafield tag="952" ind1=" " ind2=" ">
    <subfield code="0">0</subfield>
    <subfield code="1">0</subfield>
    <subfield code="2">ddc</subfield>
    <subfield code="4">0</subfield>
    <subfield code="6">ATM_TAN_2004_000000000000000_B202_OR_11</subfield>
    <subfield code="7">0</subfield>
    <subfield code="9">22216</subfield>
    <subfield code="a">LBB</subfield>
    <subfield code="b">LBB</subfield>
    <subfield code="c">B202</subfield>
    <subfield code="d">2015-12-11</subfield>
    <subfield code="o">ATM TAN 2004 B202 Or.11</subfield>
    <subfield code="p">RUA033937</subfield>
    <subfield code="r">2015-12-11</subfield>
    <subfield code="w">2015-12-11</subfield>
    <subfield code="y">ATM</subfield>
  </datafield>
</record>
